000 00300nam a22001337a 4500
008 170220b xxu||||| |||| 00| 0 eng d
020 _a9780781762656
041 _aeng
080 _212TH
_a615
100 _a5
101 _aSHF
245 _aPHARMACEUTICAL CALCULATIONS
_cANSEL, H.C
942 _2udc
_cBK
999 _c5787
_d5787